书目信息 |
| 题名: |
说文笺识四种
|
|
| 作者: | 黄侃 笺识 ;黄焯 编次 | |
| 分册: | ||
| 出版信息: | 上海 上海古籍出版社 1983 |
|
| 页数: | 372页 | |
| 开本: | 21cm | |
| 丛书名: | ||
| 单 册: | ||
| 中图分类: | H161 | |
| 科图分类: | ||
| 主题词: | 汉语--词典学 | |
| 电子资源: | ||
| ISBN: | ||
| 000 | 00745nam0 2200265 45 | |
| 001 | 0183011511 | |
| 005 | 20060727111950.04 | |
| 010 | @dCNY1.55 | |
| 091 | @b9186.14 | |
| 100 | @a19950524d1983 em y0chiy0121 ea | |
| 101 | 0 | @achi |
| 102 | @aCN@b310000 | |
| 105 | @ay z 000yy | |
| 200 | 10 | @a说文笺识四种@Ashuo wen jian shi si zhong@f黄侃笺识@g黄焯编次 |
| 210 | @a上海@c上海古籍出版社@d1983 | |
| 215 | @a372页@d21cm | |
| 300 | @a黄侃是我国著名的文学音韵学家,毕生研究《说文解字》. | |
| 605 | @a说文解字@x研究 | |
| 606 | 0 | @a汉语@x词典学 |
| 690 | @aH161 | |
| 701 | 0 | @a黄侃@Ahuang kan@4笺识 |
| 702 | 0 | @a黄焯@Ahuang chao@4编次 |
| 801 | 2 | @aCN@bNLC@c20060727 |
| 801 | 0 | @aCN@b上海图书馆@c20040429 |
| 905 | @f3@b130592-594@dH161@e13 | |
| 说文笺识四种/黄侃笺识/黄焯编次.-上海:上海古籍出版社,1983 |
| 372页;21cm |
| 黄侃是我国著名的文学音韵学家,毕生研究《说文解字》. |
| ISBN :CNY1.55 |
| ● |
| 相关链接 |
|
|
|
|
正题名:说文笺识四种
索取号:H161/13
 
预约/预借
| 序号 | 登录号 | 条形码 | 馆藏地/架位号 | 状态 | 备注 |
| 1 | 0105731 | 001769802 | 密集书库/ [索取号:H161/13] | 在馆 | |
| 2 | 0105732 | 001769848 | 密集书库/ [索取号:H161/13] | 在馆 | |
| 3 | 0105733 | 001769875 | 密集书库/ [索取号:H161/13] | 在馆 | |
| 4 | 0130591 | 202076537 | 第二样本阅览室/ [索取号:H161/13] | 在馆 | |
| 5 | 0130592 | 000850305 | 第四借阅区/ [索取号:H161/13] | 在馆 | |
| 6 | 0130593 | 000850341 | 第四借阅区/ [索取号:H161/13] | 在馆 | |
| 7 | 0130594 | 000850261 | 第四借阅区/ [索取号:H161/13] | 在馆 | |
| 8 | 0130595 | 001769839 | 密集书库/ [索取号:H161/13] | 在馆 | |
| 9 | 0165124 | 001804220 | 密集书库/ [索取号:H161/13] | 在馆 | |
| 10 | 0165125 | 001804177 | 密集书库/ [索取号:H161/13] | 在馆 | |
| 11 | 0165126 | 001804211 | 密集书库/ [索取号:H161/13] | 在馆 | |
| 12 | 0436628 | 204366284 | 密集书库/ [索取号:H161/13] | 在馆 |